00380nam a2200121 a 450000500170000000800410001702000180005805000270007624500640010326000490016730000300021665000120024620140412111249.0001120s19uu xx 00 eng d a0-8431-3135-7 aTR(GS 372.4bGe26 1988 aGetting ready for reading /cillustrated by Terry Anderson. aLos Angeles, CA :bPrice Stern Sloan,c1988. a1 v. (unp.) ; col. ; ill. aReading